| 000 | 00679nam a2200229Ia 4500 | ||
|---|---|---|---|
| 005 | 20250701164450.0 | ||
| 008 | 008 250505s9999 xx 000 0 eng d | ||
| 020 | _a1482071185; 9781482071184 | ||
| 037 | _aTextual | ||
| 040 |
_aEASL _beng _cEASL |
||
| 041 |
_aeng _2eng |
||
| 084 |
_aV42.D697, L2. _qEASL |
||
| 100 | _aYasumaro No O | ||
| 245 | 0 | _aNihongi: Chronicles of Japan from the earliest times to A.D. 697, 2 Vols. | |
| 260 |
_aUSA _bBoston Tuttle _c1988 |
||
| 300 | _a443p. | ||
| 546 | _aV.2 | ||
| 650 |
_aJapan - History; JEL _9814981 |
||
| 700 | _aAston William George Tr. | ||
| 942 |
_cTEXL _hV42.D697, L2. |
||
| 999 |
_c1433180 _d1433180 |
||